000 00307nam a2200133Ia 4500
008 191201s2008 xx 000 0 und d
100 _aGUPTA, Shashi K
245 0 _aManagement Accounting
250 _a11th Rev.
260 _c2008
_bkalyani
_aN.Delhi
300 _amisc.
650 _aMBA
942 _2ddc
_cBB
999 _c7287
_d7287